Biblioteca

Bibliografía bíblica Latino-americana V.7 (Registro nro. 31567)

Detalles MARC
000 -LÍDER
Campo fijo de descripción fija 008630000a22002530004500
001 - NÚMERO DE CONTROL
Campo de control 6
003 - IDENTIFICADOR DEL NÚMERO DE CONTROL
Campo de control CO-MdFUSB
005 - FECHA Y HORA DE LA ULTIMA TRANSACCIÓN
control field 20160422163454.0
008 - ELEMENTOS DE LONGITUD FIJA -- INFORMACIÓN GENERAL
Campo fijo de descripción fija -- Información general 160226t1994 bl f |||| 00| 0 POR d
010 ## - NÚMERO DE CONTROL DE LA BIBLIOTECA DEL CONGRESO
Número de control LC CO-MdFUSB
020 ## - NÚMERO INTERNACIONAL NORMALIZADO PARA LIBROS
Número Internacional Normalizado del libro 85-326-0460-9
040 ## - FUENTE DE CATALOGACIÓN
Agencia que realiza la transcripción CO-MdFUSB
Convenciones de la descripción rda
Agencia que realiza la modificación CO-MdFUSB
Agencia de catalogación original CO-MdFUSB
Idioma de catalogación Español
041 0# - CÓDIGO DE IDIOMA
Código de idioma para texto/pista de sonido o título separado spa
082 04 - NÚMERO DE CLASIFICACIÓN DECIMAL DEWEY
Número de clasificación R 015 S7293c
245 00 - TÍTULO
Título del Material Bibliografía bíblica Latino-americana V.7
Mención de responsabilidad, etc. / Archivald Mulford Wooddruff... [et. al.]; Paulo Augusto de Sousa Nogueira, Coordinador
Fechas incluidas 1994
264 ## - PRODUCCIÓN, PUBLICACIÓN, DISTRIBUCIÓN, MANUFACTURA, Y COPYRIGHT
Lugar de producción, publicación, distribución, manufactura Sao Paulo, Brasil
Nombre del productor, publicador, distribuidor : Vozes,
Fecha de producción, publicación, distribución, manufactura, o copyright 1994
300 ## - DESCRIPCIÓN FÍSICA
Extensión 496 Pag.
336 ## - TIPO DE CONTENIDO
Término de tipo de contenido
Fuente rdacontent
Código de tipo de contenido
337 ## - TIPO DE MEDIO
Fuente rdamedia
Nombre del tipo de medio
Código del tipo de medio
338 ## - TIPO DE SOPORTE
Nombre del tipo de soporte
Código Tipo de soporte
Fuente rdacarrier
505 ## - NOTA DE CONTENIDO
Nota de contenido con formato preestablecido 1. Texto 2. Interpretacion 3. Historia 4. Bíblia 5. Antiguo Testamento 6. Nuevo Testamento
653 ## - TÉRMINO DE INDIZACIÓN - NO CONTROLADO
Término no controlado BIBLIA -
-- BIBLIOGRAFIAS
-- - AMERICA LATINA
942 ## - TIPO DE MATERIAL (KOHA)
Tipo de Item KOHA Libros General
Existencias
Estado de Material Estado de Perdido Forma de Clasificación Estado de Dañado No para Préstamo Colección Tomo Biblioteca de Origen Biblioteca Permanente Fecha de Adquisición Total de Préstamos Signatura Topográfica Código de Barras Última vez visto Ejemplar/Existencia Fecha de Remplazo Tipo de Material Última vez Préstado
    Dewey Decimal Classification     Colección de Referencia   Biblioteca FUSBC Biblioteca FUSBC 19/08/2004   R 015 S7293c 7648 12/12/2019 Vol. 1. ej.1 26/01/2016 Libros de Referencia  
    Dewey Decimal Classification     Colección de Referencia   Biblioteca FUSBC Biblioteca FUSBC 19/08/2004 1 R 015 S7293c 7649 02/10/2024 Vol. 1. ej.2 26/01/2016 Libros de Referencia 12/10/2016

Biblioteca FUSBC | Teléfono: (57+4) 349 88 10 Ext. 141| WhatsApp (+57) 3005338115 
E-mail: biblioteca@unisbc.edu.co | Calle 76 87-14 Robledo Palenque, Medellín, Colombia

Con tecnología Koha